Оптикоэлектронная система для дистанционного измерения линейных размеров; Известия Томского политехнического университета [Известия ТПУ]; Неразрушающий контроль и диагностика
| Parent link: | Томский политехнический университет. Известия Томского политехнического университета [Известия ТПУ]/ Томский политехнический университет (ТПУ).— .— Томск: Изд-во ТПУ, 1998-2015.— 1684-8519 Неразрушающий контроль и диагностика.— 2008.— [С. 318-323] |
|---|---|
| Outros autores: | , , , , |
| Summary: | Заглавие с титульного листа Электронная версия печатной публикации |
| Idioma: | ruso |
| Publicado: |
2008
|
| Series: | Автоматизированные методы обработки результатов неразрушающего контроля |
| Subjects: | |
| Acceso en liña: | http://www.lib.tpu.ru/fulltext/v/Bulletin_TPU/2008/v312/i2app/60.pdf |
| Formato: | MixedMaterials Electrónico Capítulo de libro |
| KOHA link: | https://koha.lib.tpu.ru/cgi-bin/koha/opac-detail.pl?biblionumber=173098 |
MARC
| LEADER | 00000naa2a2200000 4500 | ||
|---|---|---|---|
| 001 | 173098 | ||
| 005 | 20240613135351.0 | ||
| 035 | |a (RuTPU)RU\TPU\book\187755 | ||
| 035 | |a RU\TPU\book\187752 | ||
| 090 | |a 173098 | ||
| 100 | |a 20091218d2008 k y0rusy50 ca | ||
| 101 | 0 | |a rus | |
| 102 | |a RU | ||
| 135 | |a drnn ---uucaa | ||
| 181 | 0 | |a i | |
| 182 | 0 | |a b | |
| 200 | 1 | |a Оптикоэлектронная система для дистанционного измерения линейных размеров |f Н. А. Агапов [и др.] | |
| 203 | |a Текст |c электронный | ||
| 215 | |a 1 файл (4.4 Мб) | ||
| 225 | 1 | |a Автоматизированные методы обработки результатов неразрушающего контроля | |
| 300 | |a Заглавие с титульного листа | ||
| 300 | |a Электронная версия печатной публикации | ||
| 320 | |a [Библиогр.: с. 323 (1 назв.)] | ||
| 337 | |a Adobe Reader | ||
| 461 | 1 | |0 162495 |t Известия Томского политехнического университета [Известия ТПУ] |f Томский политехнический университет (ТПУ) |d 1998-2015 |9 162495 |a Томский политехнический университет |c Томск |n Изд-во ТПУ |x 1684-8519 | |
| 463 | 1 | |0 172956 |t Неразрушающий контроль и диагностика |d 2008 |p 418 с. |9 172956 |a Клименов, В. А. (российский ученый, специалист в области неразрушающего контроля ; 1951-) |o Труды Международной научно-технической конференции, Томск 2008 г. |v [С. 318-323] | |
| 610 | 1 | |a измерения | |
| 610 | 1 | |a дистанционные измерения | |
| 610 | 1 | |a линейные размеры | |
| 610 | 1 | |a оптоэлектронные системы | |
| 610 | 1 | |a контроль | |
| 610 | 1 | |a визуальный контроль | |
| 610 | 1 | |a трубопроводы | |
| 610 | 1 | |a технологическое оборудование | |
| 610 | 1 | |a труды учёных ТПУ | |
| 610 | 1 | |a электронный ресурс | |
| 701 | 1 | |a Агапов |b Н. А. |c российский учёный в области лазерной и световой техники |c доцент Томского политехнического университета |g Николай Афанасьевич |3 (RuTPU)RU\TPU\pers\28176 |9 13134 | |
| 701 | 1 | |a Агапов |b Д. Н. | |
| 701 | 1 | |a Мевиус |b В. В. | |
| 701 | 1 | |a Бояринов |b О. В. | |
| 701 | 1 | |a Кулешов |b В. К. |c специалист в области неразрушающего контроля |c профессор Томского политехнического университета, доктор технических наук |f 1939- |g Валерий Константинович |3 (RuTPU)RU\TPU\pers\19828 | |
| 801 | 1 | |a RU |b 63413507 |c 20090401 |g PSBO | |
| 801 | 2 | |a RU |b 63413507 |c 20121004 |g RCR | |
| 856 | 4 | |u http://www.lib.tpu.ru/fulltext/v/Bulletin_TPU/2008/v312/i2app/60.pdf | |
| 942 | |c CF | ||